Statistics for FIFA Women's World Cup Champions

Click here to take the quiz!

General Stats

  • This quiz has been taken 409 times
    (366 since last reset)
  • The average score is 7 of 8

Answer Stats

YearHostChampion% Correct
2019FranceUnited States
99%
2015CanadaUnited States
98%
1999United StatesUnited States
88%
1991ChinaUnited States
83%
2007ChinaGermany
78%
2011GermanyJapan
78%
2003United StatesGermany
72%
1995SwedenNorway
64%

Score Distribution

Percentile by Number Answered

Percent of People with Each Score

Your Score History

You have not taken this quiz since the last reset